Pocket atlas of normal ultrasound anatomy (Registro nro. 90293)

Detalles MARC
000 -ENCABEZADO
Número de control [NR] 01139nam a22003137a 4500
008 - DE LONGITUD FIJA DE DATOS DE ELEMENTOS - INFORMACIÓN GENERAL
Elementos de longitud fija [NR] 130821s2001 xxua gr eng
020 ## - NUMERO INTERNACIONAL NORMALIZADO PARA LIBROS [R]
Número Internacional Normalizado del libro [NR] 0781730295
040 ## - FUENTE DE CATALOGACION [NR]
Agencia de catalogación original [NR] Co-BoUCM
Idioma de catalogación [NR] spa
041 00 - CODIGO DE IDIOMA [R]
Código de idioma para texto/pista de sonido o título separado [R] Inglés
060 10 - SIGNATURA TOPOGRAFICA DE LA BIBLIOTECA NACIONAL DE MEDICINA (NLM) [R]
Número clasificador [R] WI 17
-- 5
100 1# - ASIENTO PRINCIPAL--NOMBRE PERSONAL [NR]
Nombre personal [NR] Rifkin, Matthew D.
245 10 - MENCION DE TITULO [NR]
Título [NR] Pocket atlas of normal ultrasound anatomy
Mención de responsabilidad, etc. [NR] Matthew D. Rifkin, Mani Montazemi, Robert Villani
250 ## - MENCION DE EDICION [NR]
Mención de edición [NR] 2a. ed.
260 ## - PUBLICACION, DISTRIBUCION, ETC. (PIE DE IMPRENTA) [R]
Lugar de publicación, distribución, etc. [R] Filadelfia (Pensilvania, Estados Unidos)
Nombre del editor, distribuidor, etc. [R] Lippincott Williams & Wilkins
Fecha de publicación, distribución, etc. [R] c2001
300 ## - DESCRIPCION FISICA [R]
Extensión [R] 80 páginas
Otros detalles físicos [NR] ilustraciones
650 04 - ASIENTO SECUNDARIO DE MATERIA - TERMINO TEMATICO [R]
Término temático o nombre geográfico como elemento de entrada [NR] Abdomen
Subdivisión general [R] Anatomía
Subdivisión de forma [R] Atlas
9 (RLIN) 8247
650 04 - ASIENTO SECUNDARIO DE MATERIA - TERMINO TEMATICO [R]
Término temático o nombre geográfico como elemento de entrada [NR] Abdomen
Subdivisión general [R] Histología
Subdivisión de forma [R] Atlas
9 (RLIN) 8247
650 04 - ASIENTO SECUNDARIO DE MATERIA - TERMINO TEMATICO [R]
Término temático o nombre geográfico como elemento de entrada [NR] Anatomía humana
Subdivisión de forma [R] Atlas
9 (RLIN) 7271
650 04 - ASIENTO SECUNDARIO DE MATERIA - TERMINO TEMATICO [R]
Término temático o nombre geográfico como elemento de entrada [NR] Cuello
Subdivisión general [R] Anatomía
Subdivisión de forma [R] Atlas
9 (RLIN) 12239
650 04 - ASIENTO SECUNDARIO DE MATERIA - TERMINO TEMATICO [R]
Término temático o nombre geográfico como elemento de entrada [NR] Cuello
Subdivisión general [R] Histología
Subdivisión de forma [R] Atlas
9 (RLIN) 12239
650 04 - ASIENTO SECUNDARIO DE MATERIA - TERMINO TEMATICO [R]
Término temático o nombre geográfico como elemento de entrada [NR] Ecografía
Subdivisión de forma [R] Atlas
9 (RLIN) 13628
650 04 - ASIENTO SECUNDARIO DE MATERIA - TERMINO TEMATICO [R]
Término temático o nombre geográfico como elemento de entrada [NR] Genitales masculinos
Subdivisión general [R] Anatomía
Subdivisión de forma [R] Atlas
9 (RLIN) 16324
650 04 - ASIENTO SECUNDARIO DE MATERIA - TERMINO TEMATICO [R]
Término temático o nombre geográfico como elemento de entrada [NR] Imagen ultrasónica
Subdivisión de forma [R] Atlas
9 (RLIN) 17179
650 04 - ASIENTO SECUNDARIO DE MATERIA - TERMINO TEMATICO [R]
Término temático o nombre geográfico como elemento de entrada [NR] Pelvis
Subdivisión general [R] Anatomía
Subdivisión de forma [R] Atlas
9 (RLIN) 21244
650 04 - ASIENTO SECUNDARIO DE MATERIA - TERMINO TEMATICO [R]
Término temático o nombre geográfico como elemento de entrada [NR] Pelvis
Subdivisión general [R] Histología
Subdivisión de forma [R] Atlas
9 (RLIN) 21244
700 1# - ASIENTO SECUNDARIO - NOMBRE PERSONAL [R]
Nombre personal [NR] Montazemi, Mani.
700 1# - ASIENTO SECUNDARIO - NOMBRE PERSONAL [R]
Nombre personal [NR] Villani, Robert
Títulos u otras palabras asociadas con el nombre [R] md.
942 ## - ELEMENTOS DE ENTRADA AGREGADOS (KOHA)
Tipo de ítem principal el descrito en 300a Libro
Tema principal Medicina
Edición 2
Parte restante de la signatura top. R564P
Sistema de clasificación NLM
Clasificación WI 17
Título oculto en OPAC No
Existencias
Fecha de último préstamo Total préstamos Total Renewals Signatura topográfica Código de barras Última vez visto Volúmen / Fascículo Ejemplar Price effective from Tipo de ítem Perdido Sistema de clasificación Dañado No prestable Tipo de ítem específico Suprimido Ubicación habitual Ubicación actual Localización Fecha de creación Forma de adquisición Costo
19/09/2014 2 1 WI 17 R564P 200009635 01/12/2025 2A. ED. Ej.2 03/02/2013 Libro   NLM     Libro   Hospital Universitario Mayor Hospital Universitario Mayor 9no piso 28/02/2004 Donación 26500.00
11/08/2023 2 5 WI 17 R564P 200009622 11/12/2025 2A. ED. Ej.1 03/02/2013 Libro   NLM     Libro   Quinta de Mutis Quinta de Mutis 2do piso 28/02/2004 Donación 26500.00